000 00498nam a2200181 4500
001 117190
003 ES-MaACL
005 20250809063515.0
007 t|
008 070301s1969 mx r ||||1| spa d
100 1 _aPaz, Octavio,
_d1914-1998
_989753
245 1 0 _aSalamandra (1958-1961) /
_cOctavio Paz.
250 _a2ª ed. corr.
260 _aMéxico :
_bJoaquín Mortiz,
_c1969.
300 _a116 p. ;
_c22 cm.
852 _aES-MaACL
_jE-9750
_bR.94086
999 _c117190
_d117190